000 00681nam a2200217Ii 4500
001 2775
003 CO-ViMGA
008 241108s9999||||xx |||||||||||||| ||und||
020 _a9587070313
040 _aCO-ViMGA
_bspa
_erda
_cCO-ViMGA
041 0 _aspa
082 0 4 _a350.0075 C17c
100 1 _aJorge Enrique Cardoso Rodriíguez
_948761
245 1 0 _aControl interno en empresas de servicios públicos:
_bpractica - conceptos y jurisprudencia
264 1 _aBogotá, Colombia : ABC, 2004
300 _avolumen
336 _atext
_btxt
_2rdacontent
337 _aunmediated
_bn
_2rdamedia
338 _avolume
_bnc
_2rdacarrier
940 _aidficha_siabuc: 2715. -- ficha_no_siabuc:2775
999 _c43403
_d43403